00588nam a2200217Ia 4500008004100000020001800041100001500059245002300074245001800097260001500115260002000130260000900150300001600159300002700175300001100202650001400213650002500227700000800252999001900260952009100279160803s9999 xx 000 0 und d a9780516240206 aHill, Mary aLet's make pizza / cby Mary Hill. aNew York : bScholastic Inc. c2002 a24 pages :  bcolor illustrations ;  c18 cm. aPizza --  xJuvenile literature. a120 c298926d298926 001040aSSISBbSSISBcLEXd2016-08-03l0pSC-852r2016-08-03 00:00:00w2016-08-03yBK